000 00831nam a2200193 a 4500
001 000005424
005 20200929151656.0
008 090819s1994 sp 001 spa d
020 _a8400073991
040 _aDO-SdBNP
082 _axxx
_bR382e
245 0 0 _aRelaciones económicas del Reino de Chile (1780) : /
_cestudio preliminar y edición de Francisco de Solano; preparación y transcripción de los textos: Ignacio Blanco Olmedo, Concepción de Solano Málaga, José Pérez Castillo y Francisco de Solano.
260 _aMadrid, :
_bConsejo Superior de Investigaciones Científicas, Centro de Estudios Históricos,
_c1994.
300 _a268 p. ;
_c24 cm.
440 0 _aTierra nueva e cielo nuevo
_v34
_915388
500 _aIncluye tabla de contenido
500 _aV centenario del descubrimiento de América
049 _aBNPD
999 _c5224
_d5224